000
00247nam a2200109Ia 4500
008
220204s9999 xx 000 0 und d
082
_a
539
_b
DAV
100
_a
P C W
245
0
_a
Forces of nature
260
_a
London
_b
Cambridge
_c
1979
942
_c
BK
999
_c
34697
_d
34697